000 00730nam a2200253Ia 4500
003 OSt
005 20220928124623.0
006 a|||||r|||| 00| 0
007 ta
008 220927b |||||||| |||| 00| 0 eng d
024 _a66459
037 _cTextual
040 _aSDCL
_cSDCL
_beng
041 _2eng
_aeng
082 _aX:5171, P5
100 _aLucas Robert W
_9466547
245 0 _aCustomer service
_bBuilding successful skills for the twenty first century
250 _a3
260 _aBoston
_bMcGraw Hill
_c2005
300 _axvi,416p
_ccm.
650 _aCustomer Relationship Management Electronic Markets
_9393270
942 _hX:5171, P5
_cTEXL
_2CC
999 _c779378
_d779378